Práctica del automóvil / (Record no. 76290)

MARC details
000 -LEADER
campo de control de longitud fija 00874nam a2200241 i 4500
001 - NÚMERO DE CONTROL
campo de control 76290
003 - IDENTIFICADOR DE NÚMERO DE CONTROL
campo de control ES-MaACL
005 - FECHA Y HORA DE LA ÚLTIMA TRANSACCIÓN
campo de control 20250327185829.0
007 - CAMPO FIJO DE DESCRIPCIÓN FÍSICA--INFORMACIÓN GENERAL
campo de control de longitud fija t|
008 - DATOS DE LONGITUD FIJA--INFORMACIÓN GENERAL
campo de control de longitud fija 040930s1952 sp ||||1| spa d
100 1# - ENTRADA PRINCIPAL--NOMBRE DE PERSONA
Nombre de persona Guerber, Roger.
9 (RLIN) 60452
245 10 - MENCIÓN DEL TÍTULO
Título Práctica del automóvil /
Mención de responsabilidad, etc. R. Guerber ; versión de la 2ª ed. francesa por Mario Giménez Ruiz.
260 ## - PUBLICACIÓN, DISTRIBUCIÓN, ETC.
Lugar de publicación, distribución, etc. Barcelona :
Nombre del editor, distribuidor, etc. Gustavo Gili,
Fecha de publicación, distribución, etc. 1952
Fabricante (E.P.S.)
300 ## - DESCRIPCIÓN FÍSICA
Extensión 332 p., 1 lám. :
Otras características físicas il. ;
Dimensiones 19 cm.
510 ## - NOTA DE CITAS O REFERENCIAS BIBLIOGRÁFICAS
Nombre de la fuente CCPB
Localización dentro de la fuente 000876275-9
650 #4 - PUNTO DE ACCESO ADICIONAL DE MATERIA--TÉRMINO DE MATERIA
9 (RLIN) 10435
Término de materia o nombre geográfico como elemento de entrada Automóviles
700 1# - ENTRADA AGREGADA--NOMBRE PERSONAL
Nombre de persona Giménez Ruiz, Mario.
9 (RLIN) 57063
852 ## - LOCALIZACIÓN
Ubicación ES-MaACL
Número de control de estantería D-6262
Sublocalización o colección R.32412
-- R.M.5857
itemnumber 79159
Ubicación en estantería Sala Valle Inclán
Marcas de propiedad Sello en tinta azul de la Biblioteca del Ateneo de Madrid.
Anotaciones manuscritas Anotación manuscrita en cubierta: "27"
942 ## - ELEMENTOS DE ENTRADA SECUNDARIOS (KOHA)
Fuente del sistema de clasificación o colocación Clasificación decimal universal
Tipo de ítem Koha Libro impreso
Holdings
Estatus retirado Estado de pérdida Estado de daño No para préstamo Biblioteca de origen Biblioteca actual Ubicación en estantería Fecha de adquisición Fuente de adquisición Total de préstamos Signatura topográfica completa Código de barras Visto por última vez Precio de reemplazo Tipo de ítem Koha
        Biblioteca del Ateneo de Madrid Biblioteca del Ateneo de Madrid Sala Valle Inclán 17/01/2008     D-6262 901079840 23/02/2023 23/02/2023 Libro impreso